| 000 | 01439cam a22003375a 4500 | ||
|---|---|---|---|
| 999 |
_c27014 _d26986 |
||
| 001 | 12109184 | ||
| 005 | 20181118153142.0 | ||
| 008 | 000717s2001 njua frb 001 0 eng d | ||
| 010 | _a 00059844 | ||
| 020 | _a0130320714 | ||
| 020 | _a9780130320711 | ||
| 040 |
_aDLC _beng _cDLC _dDLC _dEG-ScBUE |
||
| 042 | _apcc | ||
| 082 | 0 | 4 |
_a004.6 _bCOM _222 |
| 100 | 1 |
_aComer, Douglas. _93817 |
|
| 245 | 1 | 0 |
_aInternetworking with TCP/IP / _cDouglas E. Comer and David L. Stevens. |
| 250 | _aLinux/POSIX sockets version. | ||
| 260 |
_aUpper Saddle River, N.J. : _bPrentice Hall, _cc.2001. |
||
| 300 |
_axxvii, 601 p. : _bill. ; _c26 cm. |
||
| 504 | _aIncludes bibliographical references (p.[577]-583) and index. | ||
| 505 | 2 | _av. 3. Client-server programming and applications. | |
| 520 | _aAn introduction to TCP/IP-based internetworking, this edition explains technologies such as Mobile IP, Virtual Private Networks, resource reservation with RSVP, and Ipv6. It reveals how to master TCP/IP and how the Internet works. It provides an introduction to physical networks and shows how they are combined to form an Internet. | ||
| 650 | 7 |
_aTCP/IP (Computer network protocol) _2BUEsh |
|
| 650 | 7 |
_aClient/server computing. _2BUEsh |
|
| 650 | 7 |
_aInternetworking (Telecommunication) _2BUEsh |
|
| 651 | _2BUEsh | ||
| 653 |
_bENGGEN _cNovember2018 |
||
| 655 | _vReading book | ||
| 700 | 1 |
_aStevens, David L., _d1962- _941945 |
|
| 942 | _2ddc | ||